Obras completas
Salvato in:
| Autore principale: | |
|---|---|
| Natura: | Libro |
| Lingua: | spagnolo |
| Pubblicazione: |
Barcelona
Círculo de Lectores
1999
|
| Serie: | Opera Mundi
|
| Soggetti: | |
| Tags: |
Aggiungi Tag
Nessun Tag, puoi essere il primo ad aggiungerne!!
|
MARC
| LEADER | 00000nam a2200000 a 4500 | ||
|---|---|---|---|
| 001 | UCL0701 | ||
| 003 | CL-VaPUC | ||
| 005 | 20250416120901.0 | ||
| 008 | 030808e19990000SP |||||||||||||||||spa|d | ||
| 999 | |c 304515 |d 304513 | ||
| 020 | |a 8422679701 | ||
| 020 | |a 842268891v.5 | ||
| 040 | |c Pontificia Universidad Católica de Valparaíso | ||
| 082 | 0 | 4 | |a Ch861 |b NER |2 21 |
| 100 | |a Neruda, Pablo |e autor |9 306531 | ||
| 245 | 1 | 0 | |a Obras completas |
| 246 | 1 | 0 | |a Nerudiana dispersa II |
| 260 | |a Barcelona |b Círculo de Lectores |c 1999 | ||
| 300 | |a v | ||
| 490 | 0 | |a Opera Mundi | |
| 583 | |a last modification |c 20030808 00:00:00 |k Rodrigo Vera | ||
| 650 | 0 | |a Poesías chilenas |9 265280 | |
| 650 | 0 | |a Literatura chilena |9 308278 | |
| 942 | |c BK |2 ddc | ||
| 945 | |d 20030808 00:00:00 |a cmena | ||